|
|
|
|
| LEADER |
00000cam a22000004a 4500 |
| 001 |
musev2_6378 |
| 003 |
MdBmJHUP |
| 005 |
20230905040739.0 |
| 006 |
m o d |
| 007 |
cr||||||||nn|n |
| 008 |
000210s2000 miu o 00 0 eng d |
| 010 |
|
|
|z 00023330
|
| 020 |
|
|
|a 9780472023189
|
| 020 |
|
|
|z 9780472088294
|
| 020 |
|
|
|z 9780472110148
|
| 035 |
|
|
|a (OCoLC)842270142
|
| 040 |
|
|
|a MdBmJHUP
|c MdBmJHUP
|
| 043 |
|
|
|a n-us---
|
| 050 |
0 |
4 |
|a JK2447
|b .C37 2000
|
| 082 |
0 |
|
|a 324.7/0973
|2 21
|
| 100 |
1 |
|
|a Carsey, Thomas M.,
|d 1966-
|
| 245 |
1 |
0 |
|a Campaign Dynamics :
|b The Race for Governor /
|c Thomas M. Carsey.
|
| 264 |
|
1 |
|a Ann Arbor :
|b University of Michigan Press,
|c 2000.
|
| 264 |
|
3 |
|a Baltimore, Md. :
|b Project MUSE,
|c 2012
|
| 264 |
|
4 |
|c ©2000.
|
| 300 |
|
|
|a 1 online resource (230 pages):
|b ill. ;
|
| 336 |
|
|
|a text
|b txt
|2 rdacontent
|
| 337 |
|
|
|a computer
|b c
|2 rdamedia
|
| 338 |
|
|
|a online resource
|b cr
|2 rdacarrier
|
| 504 |
|
|
|a Includes bibliographical references (p. 205-213) and index.
|
| 505 |
0 |
|
|a Machine generated contents note: Chapter 1. Electoral Politics: Background and Review -- Chapter 2. Campaigns and Candidates: What Should We Expect? -- Chapter 3. A Spatial Model of Issue Salience in Voting Behavior -- Chapter 4. Data and Methods -- Chapter 5. Virginia's 1993 Gubernatorial Campaign -- Chapter 6. New Jersey's 1993 Gubernatorial Campaign -- Chapter 7. Abortion and the 1990 Gubernatorial Elections -- Chapter 8. Presidential Approval in Gubernatorial Elections -- Chapter 9. Voter Response to Gubernatorial Campaigns, 1982-1992 -- Chapter 10. Conclusions -- Appendix A. Models and Methods for the Case Studies -- Appendix B. Models and Methods for the Comparative State Analysis -- Appendix C. Complete Models Examining Votes for Prochoice -- Gubernatorial Candidates -- Appendix D. Complete Models Examining Votes for Democratic -- Gubernatorial Candidates -- Notes -- References -- Index.
|
| 588 |
|
|
|a Description based on print version record.
|
| 650 |
|
0 |
|a Political campaigns
|z United States
|x States.
|
| 650 |
|
0 |
|a Governors
|z United States
|x Election.
|
| 655 |
|
7 |
|a Electronic books.
|2 local
|
| 710 |
2 |
|
|a Project Muse.
|e distributor
|
| 830 |
|
0 |
|a Book collections on Project MUSE.
|
| 856 |
4 |
0 |
|z Texto completo
|u https://projectmuse.uam.elogim.com/book/6378/
|
| 945 |
|
|
|a Project MUSE - Custom Collection
|
| 945 |
|
|
|a Project MUSE - Archive Complete Foundation
|
| 945 |
|
|
|a Project MUSE - Archive Political Science and Policy Studies Foundation
|